| 000 | 00647nam a2200241Ia 4500 | ||
|---|---|---|---|
| 003 | OSt | ||
| 005 | 20221007101822.0 | ||
| 006 | a|||||r|||| 00| 0 | ||
| 007 | ta | ||
| 008 | 221006b |||||||| |||| 00| 0 eng d | ||
| 024 | _a8,180 | ||
| 037 | _cTextual | ||
| 040 |
_aLCO _cLCO _beng |
||
| 041 |
_2eng _aeng |
||
| 082 | _aZ2,8,53, L4 | ||
| 100 | _aINDIA LAW (Ministry of---) | ||
| 245 | 0 | _aThe Advocates Act, 1961 (25 of 1961) | |
| 260 |
_aIndia _bGovt. of India _c1974 |
||
| 300 | _a38 | ||
| 650 |
_aTHE ADVOCATE ACT _9703779 |
||
| 942 |
_hZ2,8,53, L4 _cTEXL |
||
| 999 |
_c1177743 _d1177743 |
||